[Event "37th World U20 ch"]
[Site "Kozhikode IND"]
[Date "1998.11.26"]
[Round "9.15"]
[White "Kalod, Radek"]
[Black "Khamrakulov, Ibragim"]
[Result "1-0"]
[WhiteElo "2435"]
[BlackElo "2315"]
[EventDate "1998.11.17"]
[PlyCount "129"]

1.c4 Nf6 2.Nf3 g6 3.Nc3 Bg7 4.e4 c5 5.d4 cxd4 6.Nxd4 O-O 7.Be2 Nc6 8.Be3 
d6 9.O-O Ne5 10.f3 a6 11.Rc1 Bd7 12.Qd2 Rc8 13.b3 Nc6 14.Rfd1 Nxd4 15.Bxd4
Bc6 16.Bf1 Ne8 17.Be3 Nc7 18.Qf2 f5 19.exf5 Rxf5 20.Bd3 Rf7 21.Be4 Qe8 22.
Qd2 Be5 23.Qd3 Qd7 24.Nd5 Nxd5 25.cxd5 Bb5 26.Qd2 Qd8 27.Rxc8 Qxc8 28.Rc1 
Qb8 29.Qc2 Rf8 30.Qc7 Kf7 31.a4 Qxc7 32.Rxc7 Be2 33.a5 Rb8 34.Kf2 Bb5 35.
g3 Bb2 36.Kg2 Bf6 37.h4 Be5 38.Ba7 Ra8 39.Bb6 Rb8 40.f4 Bf6 41.Kf3 h6 42.
Ke3 g5 43.h5 gxf4+ 44.gxf4 Kg7 45.Bf5 Kf7 46.Ba7 Ra8 47.Rxb7 Bc3 48.Bg6+ 
Kf6 49.Bd4+ Bxd4+ 50.Kxd4 Rc8 51.Bd3 Bxd3 52.Kxd3 Rc5 53.b4 Rxd5+ 54.Kc4 
Rd1 55.Rb6 Kf5 56.Rxa6 Kxf4 57.Ra8 d5+ 58.Kc5 d4 59.a6 d3 60.a7 d2 61.Rd8 
Ra1 62.Kb6 Ke3 63.Kb7 Ke2 64.a8=Q Rxa8 65.Kxa8 1-0

[Event "37th World U20 ch"]
[Site "Kozhikode IND"]
[Date "1998.11.26"]
[Round "9.16"]
[White "Kidambi, Sundararajan"]
[Black "Herraiz Hidalgo, Herminio"]
[Result "1/2-1/2"]
[WhiteElo "2285"]
[BlackElo "2405"]
[EventDate "1998.11.17"]
[PlyCount "72"]

1.d4 Nf6 2.c4 g6 3.Nc3 Bg7 4.e4 d6 5.Nf3 O-O 6.Be2 Bg4 7.Be3 Nfd7 8.Ng1 
Bxe2 9.Ngxe2 a6 10.O-O c5 11.Qd2 Nc6 12.f3 e5 13.dxc5 dxc5 14.Nd5 Nd4 15.
Nxd4 cxd4 16.Bg5 f6 17.Bh4 Nb6 18.Rac1 Rc8 19.b3 Nxd5 20.cxd5 Qd7 21.Rxc8 
Rxc8 22.Rc1 Rc7 23.Rxc7 Qxc7 24.Kf1 Qc5 25.Ke2 Kf7 26.Kd1 Bf8 27.Qc2 Qxc2+
28.Kxc2 b5 29.Kd3 Bd6 30.Be1 Ke7 31.Bd2 Kf7 32.g3 g5 33.g4 Ke7 34.b4 Kf7 
35.a3 Ke7 36.h3 Kf7 1/2-1/2

[Event "37th World U20 ch"]
[Site "Kozhikode IND"]
[Date "1998.11.26"]
[Round "9.18"]
[White "Sutkovic, Damir"]
[Black "Houska, Miroslav"]
[Result "1-0"]
[WhiteElo "2205"]
[BlackElo "2375"]
[EventDate "1998.11.17"]
[PlyCount "65"]

1.c4 f5 2.Nf3 Nf6 3.g3 g6 4.b3 Bg7 5.Bb2 O-O 6.Bg2 d6 7.d4 Qe8 8.O-O Na6 
9.Nbd2 e5 10.dxe5 Ng4 11.h3 Nxe5 12.Rb1 h6 13.e3 Nb4 14.a3 Nbd3 15.Ba1 g5 
16.Nxe5 dxe5 17.Qe2 e4 18.Bxg7 Kxg7 19.f3 exf3 20.Nxf3 Nc5 21.Qb2+ Kh7 22.
Ne5 a5 23.g4 Ra6 24.gxf5 Bxf5 25.e4 Re6 26.exf5 Rxe5 27.Qd4 Rf6 28.b4 Rd6 
29.Bd5 Nd7 30.bxa5 c6 31.Bg8+ Kxg8 32.Qxd6 Nf8 33.f6 1-0

[Event "37th World U20 ch"]
[Site "Kozhikode IND"]
[Date "1998.11.26"]
[Round "9.21"]
[White "Abbasov, Farid"]
[Black "Ramu, K."]
[Result "1-0"]
[WhiteElo "2290"]
[BlackElo "2125"]
[EventDate "1998.11.17"]
[PlyCount "87"]

1.e4 c5 2.Nf3 Nc6 3.Bb5 g6 4.O-O Bg7 5.Re1 e5 6.c3 Nge7 7.a3 a6 8.Bf1 O-O 
9.b4 d6 10.bxc5 dxc5 11.a4 Qc7 12.d3 h6 13.Ba3 b6 14.Nbd2 Be6 15.Rb1 Rfd8 
16.Qc2 Na5 17.Rb2 Rab8 18.d4 cxd4 19.cxd4 Qa7 20.d5 Bg4 21.Qd3 Ra8 22.Reb1
Nc8 23.Rc2 Bd7 24.Rbc1 Bxa4 25.Rc7 Qb8 26.Qc3 Nd6 27.Bxd6 Rxd6 28.Qb4 Rd7 
29.Rc8+ Qxc8 30.Rxc8+ Rxc8 31.Qxa4 Ra7 32.Qb4 Rb8 33.Qd6 Raa8 34.Bxa6 b5 
35.g3 Nb7 36.Bxb7 Rxb7 37.Qc6 Rbb8 38.Nb3 b4 39.d6 Rc8 40.Qd5 Rd8 41.Nxe5 
Bxe5 42.Qxe5 Ra6 43.d7 Re6 44.Qc7 1-0

[Event "37th World U20 ch"]
[Site "Kozhikode IND"]
[Date "1998.11.26"]
[Round "9.23"]
[White "Goldenberg, Danny"]
[Black "Hansen, Torbjorn Ringdal"]
[Result "1/2-1/2"]
[WhiteElo "2325"]
[BlackElo "2060"]
[EventDate "1998.11.17"]
[PlyCount "92"]

1.e4 c6 2.d4 d5 3.Nc3 dxe4 4.Nxe4 Nf6 5.Nxf6+ exf6 6.Bc4 Qe7+ 7.Qe2 Be6 8.
Bb3 Na6 9.c3 O-O-O 10.Bf4 Qd7 11.Bxe6 fxe6 12.Nf3 Bd6 13.Bxd6 Qxd6 14.O-O 
Rhe8 15.Qc2 g5 16.b4 Nc7 17.Rfd1 Nd5 18.Nd2 h5 19.Rab1 Kb8 20.c4 Nc7 21.
Ne4 Qf4 22.b5 cxb5 23.c5 Rd5 24.Nd6 Rd8 25.g3 Qg4 26.Kg2 e5 27.f3 Qe6 28.
a4 Rxd4 29.axb5 Nd5 30.Qh7 Qd7 31.Qxd7 Rxd7 32.Rxd4 exd4 33.Kf2 b6 34.Ne4 
bxc5 35.Nxc5 Rd6 36.Rb3 Nc3 37.Ke1 Rd5 38.Ne4 Nxe4 39.fxe4 Re5 40.Kd2 Rxe4
41.Rf3 Re5 42.Rxf6 Rxb5 43.Kd3 Rb2 44.Rf5 Rxh2 45.Rxg5 h4 46.Kxd4 hxg3 
1/2-1/2

[Event "37th World U20 ch"]
[Site "Kozhikode IND"]
[Date "1998.11.26"]
[Round "9.24"]
[White "De Wachter, Matthias"]
[Black "Bakre, Tejas"]
[Result "1-0"]
[WhiteElo "2170"]
[BlackElo "2290"]
[EventDate "1998.11.17"]
[PlyCount "89"]

1.d4 Nf6 2.c4 e6 3.Nc3 Bb4 4.Qc2 O-O 5.a3 Bxc3+ 6.Qxc3 b6 7.Bg5 Bb7 8.e3 
h6 9.Bh4 g5 10.Bg3 Ne4 11.Qc2 f5 12.d5 d6 13.Bd3 exd5 14.f3 Nxg3 15.hxg3 
Qf6 16.Ne2 Nd7 17.Nd4 Ne5 18.Bxf5 c5 19.Be6+ Nf7 20.Qf5 Kg7 21.Qxf6+ Kxf6 
22.Bxf7 cxd4 23.Bxd5 Bxd5 24.cxd5 Ke5 25.e4 d3 26.Kd2 Kd4 27.Rac1 g4 28.
Rc3 gxf3 29.Rxd3+ Kxe4 30.gxf3+ Kf5 31.Rxh6 Rad8 32.Re3 Rg8 33.Rh5+ Rg5 
34.g4+ Kf4 35.Rxg5 Kxg5 36.Re6 Kf4 37.Ke2 Rh8 38.Re4+ Kg5 39.Kf2 Rh2+ 40.
Kg3 Rxb2 41.Re6 Rb3 42.Rxd6 Rxa3 43.Re6 Rd3 44.d6 b5 45.d7 1-0

[Event "37th World U20 ch"]
[Site "Kozhikode IND"]
[Date "1998.11.26"]
[Round "9.26"]
[White "Beenish, Bhatia"]
[Black "Hossain, Enamul"]
[Result "1-0"]
[WhiteElo "2190"]
[BlackElo "2335"]
[EventDate "1998.11.17"]
[PlyCount "76"]

1.e4 c5 2.Nf3 Nc6 3.d4 cxd4 4.Nxd4 Nf6 5.Nc3 e5 6.Nf5 d5 7.exd5 Bxf5 8.
dxc6 bxc6 9.Qf3 Qd7 10.Bg5 e4 11.Qe2 Be7 12.Bxf6 Bxf6 13.Nxe4 O-O 14.Nxf6+
gxf6 15.Qd2 Rfe8+ 16.Kd1 Qb7 17.Kc1 Rad8 18.Qc3 Qb6 19.Bc4 Qxf2 20.Rf1 
Qe3+ 21.Qxe3 Rxe3 22.b3 Bg6 23.Rxf6 Re1+ 24.Kb2 Rxa1 25.Kxa1 Rd1+ 26.Kb2 
Rd2 27.Rxc6 Rxg2 28.b4 Rxc2+ 29.Kb3 Rxh2 30.b5 Rh1 31.Ra6 Be4 32.Rxa7 h5 
33.Rxf7 Kh8 34.Ka3 h4 35.b6 Rc1 36.Rf4 Rxc4 37.b7 Rc3+ 38.Kb4 Bxb7 1-0

[Event "37th World U20 ch"]
[Site "Kozhikode IND"]
[Date "1998.11.26"]
[Round "9.27"]
[White "Grotz, Harald"]
[Black "Saurabh, Kherdekar"]
[Result "1/2-1/2"]
[WhiteElo "2225"]
[BlackElo "2265"]
[EventDate "1998.11.17"]
[PlyCount "126"]

1.e4 c5 2.Nf3 Nc6 3.d4 cxd4 4.Nxd4 Nf6 5.Nc3 e5 6.Ndb5 d6 7.Bg5 a6 8.Na3 
b5 9.Nd5 Be7 10.Bxf6 Bxf6 11.c3 Rb8 12.Nc2 Bg5 13.Be2 a5 14.b4 O-O 15.O-O 
Be6 16.a4 bxa4 17.Rxa4 axb4 18.cxb4 Qd7 19.Bc4 Bxd5 20.Bxd5 Rfc8 21.Bb3 
Rb6 22.Qd5 Rcb8 23.Rfa1 g6 24.Ra8 Rxa8 25.Rxa8+ Kg7 26.Ra4 Qb7 27.g3 Nd8 
28.Qd3 Nc6 29.Qc4 Bd2 30.Qd5 Bxb4 31.Bc4 Bc5 32.Ne3 Bxe3 33.fxe3 Nd8 34.
Qd3 Rb1+ 35.Kg2 Rb2+ 36.Kh1 Qd7 37.Ra2 Rxa2 38.Bxa2 Nb7 39.Bd5 Nc5 40.Qd1 
f5 41.exf5 Qxf5 42.Kg2 Qd3 43.Qf3 Qf5 44.e4 Qxf3+ 45.Kxf3 Nd7 46.h4 h6 47.
Be6 Nf6 48.Bb3 Kf8 49.Bc4 Ke7 50.Bb3 Kd7 51.Bf7 g5 52.hxg5 hxg5 53.Ke3 Kc6
54.Be6 Kc5 55.Bf7 Kb4 56.Kd3 Nd7 57.Bd5 Nc5+ 58.Ke2 Nd7 59.Kd3 Nf6 60.Bf7 
Ka3 61.Bg6 Kb2 62.Kd2 Ng4 63.Bf5 Nf6 1/2-1/2

[Event "37th World U20 ch"]
[Site "Kozhikode IND"]
[Date "1998.11.26"]
[Round "9.28"]
[White "Leskiewicz, Maksymilian"]
[Black "Radovanovic, Dusan"]
[Result "1/2-1/2"]
[WhiteElo "2210"]
[BlackElo "2225"]
[EventDate "1998.11.17"]
[PlyCount "40"]

1.d4 Nf6 2.c4 g6 3.Nc3 Bg7 4.e4 d6 5.f3 O-O 6.Bg5 a6 7.Qd2 c5 8.d5 b5 9.
cxb5 Nbd7 10.Nh3 axb5 11.Bxb5 Ba6 12.O-O Qa5 13.a4 Bxb5 14.Nxb5 Rfb8 15.
Qxa5 Rxa5 16.Bd2 Raa8 17.Bc3 Ne8 18.Bxg7 Kxg7 19.Rfc1 Ne5 20.Nf2 Nc4 
1/2-1/2

[Event "37th World U20 ch"]
[Site "Kozhikode IND"]
[Date "1998.11.26"]
[Round "9.29"]
[White "Medak, Bojan"]
[Black "Uberoi, Arjun"]
[Result "1/2-1/2"]
[WhiteElo "2220"]
[BlackElo "2070"]
[EventDate "1998.11.17"]
[PlyCount "33"]

1.e4 c5 2.c3 d5 3.exd5 Qxd5 4.d4 Nf6 5.Nf3 Bg4 6.Qa4+ Bd7 7.Qb3 Qxb3 8.
axb3 cxd4 9.Nxd4 e6 10.Nb5 Bxb5 11.Bxb5+ Nbd7 12.O-O Bd6 13.Rd1 Ke7 14.b4 
Rhd8 15.Na3 Nb6 16.Be2 a6 17.g3 1/2-1/2

[Event "37th World U20 ch"]
[Site "Kozhikode IND"]
[Date "1998.11.26"]
[Round "9.30"]
[White "Stinis, Steven"]
[Black "Dovramadiev, Tikhomir"]
[Result "1/2-1/2"]
[WhiteElo "2005"]
[BlackElo "2210"]
[EventDate "1998.11.17"]
[PlyCount "122"]

1.Nc3 c5 2.Nf3 Nc6 3.d4 cxd4 4.Nxd4 g6 5.Bg5 Bg7 6.Ndb5 a6 7.Nd6+ Kf8 8.
Qd5 e6 9.Bxd8 exd5 10.Bb6 Bxc3+ 11.bxc3 Nf6 12.f3 Kg7 13.Rd1 a5 14.e3 Ne7 
15.Kf2 Ne8 16.Nxe8+ Rxe8 17.Bc5 d6 18.Bb5 Rd8 19.Bb6 Rf8 20.Bc7 Be6 21.
Bxd6 Nf5 22.Be5+ f6 23.Bd4 Rac8 24.Bd3 Nxd4 25.cxd4 b5 26.Rb1 Bd7 27.Rb2 
Rc3 28.Rb3 Rfc8 29.Rhb1 b4 30.Rxc3 Rxc3 31.Rb3 Rc7 32.a3 bxa3 33.Rxa3 a4 
34.e4 dxe4 35.fxe4 Kf7 36.Ke3 Rb7 37.Ra2 Ke7 38.c3 f5 39.exf5 gxf5 40.Bc2 
Ra7 41.c4 Kd6 42.Kd3 Ra5 43.Kc3 Ra7 44.Bd1 Ra8 45.c5+ Kc7 46.d5 Bb5 47.Kd4
Re8 48.Bf3 Re1 49.Ra3 f4 50.d6+ Kd7 51.c6+ Bxc6 52.Bxc6+ Kxc6 53.Rxa4 Kxd6
54.Ra6+ Ke7 55.Ra7+ Kf6 56.Rxh7 Re2 57.Kd3 Rxg2 58.Rh4 f3 59.Rh8 Kg5 60.
Rg8+ Kh4 61.Rh8+ Kg4 1/2-1/2

[Event "37th World U20 ch"]
[Site "Kozhikode IND"]
[Date "1998.11.26"]
[Round "9.31"]
[White "De Silva, Nirosh"]
[Black "Alvarez Marquez, Johan Carlos"]
[Result "1/2-1/2"]
[WhiteElo "2025"]
[BlackElo "2200"]
[EventDate "1998.11.17"]
[PlyCount "83"]

1.e4 c5 2.Nf3 d6 3.d4 cxd4 4.Nxd4 Nf6 5.Nc3 a6 6.Bc4 e6 7.Bb3 b5 8.O-O Bd7
9.Re1 Be7 10.f4 b4 11.Na4 O-O 12.c3 bxc3 13.Nxc3 Nc6 14.Be3 Rc8 15.h3 Qc7 
16.Rc1 Qb7 17.g4 Na5 18.e5 Ne8 19.Bf2 Nxb3 20.Qxb3 Qxb3 21.Nxb3 f5 22.exd6
Bxd6 23.Red1 g6 24.Rxd6 Nxd6 25.Bc5 Nb5 26.Bxf8 Kxf8 27.Nxb5 axb5 28.Rxc8+
Bxc8 29.Nc1 fxg4 30.hxg4 e5 31.fxe5 Bxg4 32.Kf2 Ke7 33.Kg3 Be6 34.b3 g5 
35.Ne2 h5 36.Nd4 Bd7 37.a4 bxa4 38.bxa4 h4+ 39.Kf2 g4 40.a5 g3+ 41.Kg2 Bc8
42.a6 1/2-1/2

[Event "37th World U20 ch"]
[Site "Kozhikode IND"]
[Date "1998.11.26"]
[Round "9.32"]
[White "Menon, R. Praveen"]
[Black "Belmonte, Diego Mariano"]
[Result "0-1"]
[WhiteElo "2005"]
[BlackElo "2200"]
[EventDate "1998.11.17"]
[PlyCount "102"]

1.c4 f5 2.d4 Nf6 3.g3 g6 4.Bg2 Bg7 5.f4 O-O 6.Nf3 e6 7.O-O Qe7 8.h3 d6 9.
Nc3 Ne4 10.Kh2 Nd7 11.e3 Ndf6 12.Qd3 Bd7 13.Ne2 d5 14.c5 b6 15.cxb6 axb6 
16.Nc3 c5 17.b3 Nxc3 18.Qxc3 Bb5 19.Rd1 Be2 20.Re1 Bxf3 21.Bxf3 Rfc8 22.
Qd2 cxd4 23.exd4 Ne4 24.Qd1 Qc7 25.Be3 Qc2+ 26.Qe2 Rc3 27.Qxc2 Rxc2+ 28.
Re2 Rxe2+ 29.Bxe2 Nc3 30.Bd3 Rxa2+ 31.Rxa2 Nxa2 32.Kg2 Nb4 33.Bb5 Nc2 34.
Kf3 Bxd4 35.Bd2 Bc5 36.Ba4 b5 37.b4 Bxb4 38.Bxc2 Bxd2 39.Ke2 Bc3 40.Kd3 b4
41.Bb3 Kf7 42.g4 fxg4 43.hxg4 Kf6 44.g5+ Kf5 45.Ke3 e5 46.fxe5 Kxe5 47.Bc2
Bb2 48.Kf3 Bc1 49.Kg4 Kd4 50.Bb3 Ke4 51.Bc2+ Ke3 0-1

[Event "37th World U20 ch"]
[Site "Kozhikode IND"]
[Date "1998.11.27"]
[Round "10.1"]
[White "Sadvakasov, Darmen"]
[Black "Kobalia, Mikhail"]
[Result "1-0"]
[WhiteElo "2440"]
[BlackElo "2505"]
[EventDate "1998.11.17"]
[PlyCount "89"]

1.c4 c5 2.Nc3 Nc6 3.Nf3 Nf6 4.e3 e6 5.d4 cxd4 6.exd4 d5 7.c5 Be7 8.Bb5 O-O
9.O-O Bd7 10.Re1 a6 11.Bxc6 Bxc6 12.Ne5 Nd7 13.Nxc6 bxc6 14.Bf4 Re8 15.Qa4
Qc8 16.Re2 f6 17.Rae1 e5 18.dxe5 Nxc5 19.Qd1 f5 20.e6 Bf6 21.Na4 Nxa4 22.
Qxa4 Qb7 23.Qc2 g6 24.Be5 Rxe6 25.Bxf6 Rxf6 26.Qc3 Raf8 27.Re7 Qb8 28.R1e6
R6f7 29.Rxf7 Kxf7 30.Rxc6 Re8 31.g3 Qb5 32.Kg2 d4 33.Rc7+ Re7 34.Rxe7+ 
Kxe7 35.Qxd4 Qc6+ 36.Kf1 Kf7 37.h4 h6 38.a4 g5 39.b3 Qc1+ 40.Kg2 Qc6+ 41.
Kh2 Kg6 42.a5 Qc2 43.hxg5 hxg5 44.b4 Qa4 45.Qa7 1-0

[Event "37th World U20 ch"]
[Site "Kozhikode IND"]
[Date "1998.11.27"]
[Round "10.2"]
[White "Fedorchuk, Sergei"]
[Black "Banikas, Hristos"]
[Result "0-1"]
[WhiteElo "2415"]
[BlackElo "2490"]
[EventDate "1998.11.17"]
[PlyCount "62"]

1.e4 c5 2.Nf3 Nc6 3.d4 cxd4 4.Nxd4 Qc7 5.Nc3 e6 6.Be2 a6 7.f4 b5 8.Nxc6 
Qxc6 9.Bf3 Bb7 10.Be3 Rc8 11.Qd3 Qc4 12.Rd1 Nf6 13.a3 Bxa3 14.Nxb5 Bb4+ 
15.Nc3 Bxe4 16.Bxe4 Qxe4 17.O-O Bxc3 18.bxc3 Qxd3 19.Rxd3 Nd5 20.Bd4 f6 
21.g4 Kf7 22.f5 Rhe8 23.Ra1 Rc6 24.Rb1 Rec8 25.Kf2 R8c7 26.Rb3 a5 27.Ra3 
a4 28.Ke1 Rc4 29.h3 e5 30.Bxe5 Re4+ 31.Kd2 Rxe5 0-1

[Event "37th World U20 ch"]
[Site "Kozhikode IND"]
[Date "1998.11.27"]
[Round "10.3"]
[White "Laxman, Rajaram"]
[Black "Zhang Zhong"]
[Result "0-1"]
[WhiteElo "2225"]
[BlackElo "2510"]
[EventDate "1998.11.17"]
[PlyCount "62"]

1.d4 f5 2.g3 Nf6 3.Bg2 g6 4.c4 Bg7 5.Nh3 d6 6.d5 c6 7.Nc3 O-O 8.Nf4 Qe8 9.
O-O Na6 10.dxc6 bxc6 11.Qa4 Nb8 12.e4 e5 13.Nd3 fxe4 14.Nxe4 Nxe4 15.Bxe4 
Qf7 16.f4 Ba6 17.Bg2 e4 18.Bxe4 Bxc4 19.Rd1 Re8 20.Nf2 d5 21.Bd3 Bxd3 22.
Rxd3 Re1+ 23.Kg2 Qe6 24.Rd1 Rxd1 25.Qxd1 Nd7 26.Rb1 Re8 27.Bd2 Nc5 28.Qf3 
Qe2 29.Bc3 Bxc3 30.Qxc3 Ne4 31.Re1 Qxf2+ 0-1

[Event "37th World U20 ch"]
[Site "Kozhikode IND"]
[Date "1998.11.27"]
[Round "10.4"]
[White "Jenni, Florian"]
[Black "Fressinet, Laurent"]
[Result "1/2-1/2"]
[WhiteElo "2430"]
[BlackElo "2455"]
[EventDate "1998.11.17"]
[PlyCount "81"]

1.e4 c5 2.c3 g6 3.Nf3 Bg7 4.d4 cxd4 5.cxd4 d5 6.exd5 Nf6 7.Nc3 Nxd5 8.Bc4 
Nxc3 9.bxc3 O-O 10.O-O Nc6 11.Bf4 b6 12.Re1 Bb7 13.Bg5 Qc7 14.Bb3 e6 15.
Rc1 Na5 16.Qe2 Rac8 17.Nd2 Qd7 18.Qe3 Rfe8 19.Bf4 b5 20.Be5 f6 21.Bf4 Bd5 
22.Ne4 Bxe4 23.Qxe4 Nc4 24.Qe2 Kh8 25.a4 a6 26.axb5 axb5 27.Ra1 f5 28.Ra6 
e5 29.Bxc4 Rxc4 30.Bxe5 Bxe5 31.Kf1 Re7 32.dxe5 Re4 33.Rd1 Qe8 34.Qd2 
R4xe5 35.Rd6 Kg7 36.Qd4 Kf7 37.Qd2 Qa8 38.Rd7 Qc6 39.Rxe7+ Rxe7 40.Qd5+ 
Qxd5 41.Rxd5 1/2-1/2

[Event "37th World U20 ch"]
[Site "Kozhikode IND"]
[Date "1998.11.27"]
[Round "10.6"]
[White "Halkias, Stelios"]
[Black "Socko, Bartosz"]
[Result "1-0"]
[WhiteElo "2435"]
[BlackElo "2475"]
[EventDate "1998.11.17"]
[PlyCount "67"]

1.d4 Nf6 2.c4 g6 3.Nc3 Bg7 4.e4 d6 5.Nf3 O-O 6.Be2 e5 7.Be3 Ng4 8.Bg5 f6 
9.Bh4 g5 10.Bg3 Nh6 11.c5 Nc6 12.cxd6 cxd6 13.d5 Ne7 14.Nd2 f5 15.exf5 
Nhxf5 16.O-O Ng6 17.Bg4 Bd7 18.a4 Nf4 19.Nce4 b5 20.Bxf5 Bxf5 21.axb5 Nxd5
22.Qb3 Be6 23.Qa3 Nf4 24.Nxd6 h5 25.Rfe1 Qb6 26.Bxf4 Rxf4 27.N2e4 Rd8 28.
g3 Rff8 29.Qc3 Qb8 30.Ra6 Bd5 31.Qc5 Bxe4 32.Nxe4 Rf7 33.Nxg5 Rc7 34.Rd6 
1-0

[Event "37th World U20 ch"]
[Site "Kozhikode IND"]
[Date "1998.11.27"]
[Round "10.7"]
[White "Sasikiran, Krishnan"]
[Black "Vuckovic, Bojan"]
[Result "1/2-1/2"]
[WhiteElo "2470"]
[BlackElo "2435"]
[EventDate "1998.11.17"]
[PlyCount "122"]

1.d4 Nf6 2.c4 g6 3.Nc3 Bg7 4.e4 d6 5.Nf3 O-O 6.Be2 e5 7.Be3 c6 8.d5 Ng4 9.
Bg5 f6 10.Bh4 h5 11.Nd2 Nh6 12.f3 Nf7 13.Rb1 c5 14.a3 Na6 15.b4 b6 16.Rb2 
Bh6 17.Bf2 f5 18.Bd3 h4 19.h3 Kg7 20.Qe2 Bf4 21.Nf1 Rg8 22.Rg1 Bg3 23.Kd1 
f4 24.Rh1 Bd7 25.Nd2 Qe7 26.Kc2 Ng5 27.Ra1 Rh8 28.Bg1 Rhb8 29.Qf1 Nc7 30.
Qb1 Qe8 31.Bf1 Nf7 32.Kd1 Qc8 33.Rb3 Na6 34.Qb2 Kf6 35.Rb1 Ke7 36.Nb5 Nd8 
37.Rc1 Nf7 38.Nb1 Nd8 39.N1c3 Nf7 40.Na4 Nd8 41.bxc5 bxc5 42.Rb1 Nb7 43.
Nbc3 Na5 44.Rxb8 Bxa4+ 45.Nxa4 Rxb8 46.Qc2 Rb7 47.Rb5 Qb8 48.Qc3 Qc7 49.
Bd3 Rxb5 50.cxb5 Nb8 51.Nxc5 Nd7 52.Na4 Qxc3 53.Nxc3 Nb6 54.Na2 Kd7 55.Nb4
Kc7 56.Nc6 Nxc6 57.bxc6 Kb8 58.Bb5 Kc7 59.a4 a5 60.Ke2 Nc8 61.Kd2 Nb6 
1/2-1/2

[Event "37th World U20 ch"]
[Site "Kozhikode IND"]
[Date "1998.11.27"]
[Round "10.8"]
[White "Florean, Andrei"]
[Black "Mirzoev, Azer"]
[Result "1/2-1/2"]
[WhiteElo "2450"]
[BlackElo "2445"]
[EventDate "1998.11.17"]
[PlyCount "56"]

1.d4 d5 2.c4 c6 3.Nf3 Nf6 4.Nc3 dxc4 5.a4 Bf5 6.Ne5 e6 7.f3 Bb4 8.e4 Bxe4 
9.fxe4 Nxe4 10.Bd2 Qxd4 11.Nxe4 Qxe4+ 12.Qe2 Bxd2+ 13.Kxd2 Qd5+ 14.Kc2 Na6
15.Nxc4 b5 16.axb5 Nb4+ 17.Kc3 cxb5 18.Rd1 Qc5 19.Qe5 Nd5+ 20.Rxd5 Qxd5 
21.Nd6+ Kf8 22.Qxd5 exd5 23.Bxb5 Rd8 24.Re1 g6 25.Nb7 Rb8 26.Bc6 Rc8 27.
Na5 Kg7 28.Kd4 Rb8 1/2-1/2

[Event "37th World U20 ch"]
[Site "Kozhikode IND"]
[Date "1998.11.27"]
[Round "10.9"]
[White "Turzo, Attila"]
[Black "Blehm, Pawel"]
[Result "0-1"]
[WhiteElo "2345"]
[BlackElo "2420"]
[EventDate "1998.11.17"]
[PlyCount "60"]

1.e4 c5 2.Nf3 d6 3.d4 cxd4 4.Nxd4 Nf6 5.Nc3 Bd7 6.f3 e5 7.Nb3 Bc6 8.Nd5 
Bxd5 9.exd5 Be7 10.Be3 O-O 11.Qd2 Nbd7 12.Be2 Qc8 13.c4 Bd8 14.Rc1 Bb6 15.
O-O Bxe3+ 16.Qxe3 a5 17.Kh1 Qc7 18.Nd2 Rac8 19.Nb1 Nh5 20.Nc3 Nc5 21.Bd1 
Qd8 22.a3 Qh4 23.Ne4 f5 24.Qf2 Qf4 25.Nxc5 Qxc1 26.Nxb7 Qxc4 27.Bb3 Qc7 
28.Nxd6 Ng3+ 29.Qxg3 Qxd6 30.Rd1 Rb8 0-1

[Event "37th World U20 ch"]
[Site "Kozhikode IND"]
[Date "1998.11.27"]
[Round "10.10"]
[White "Salmensuu, Olli"]
[Black "Satyapragyan, Swayangsu"]
[Result "1-0"]
[WhiteElo "2420"]
[BlackElo "2210"]
[EventDate "1998.11.17"]
[PlyCount "103"]

1.e4 e6 2.d4 d5 3.Nd2 Nf6 4.e5 Nfd7 5.f4 c5 6.Ngf3 Nc6 7.Bd3 Qb6 8.dxc5 
Nxc5 9.Nb3 Bd7 10.c3 Nxb3 11.Qxb3 Bc5 12.Qxb6 Bxb6 13.Ke2 O-O 14.Be3 Bxe3 
15.Kxe3 f6 16.h4 fxe5 17.fxe5 Ne7 18.Rhf1 Nf5+ 19.Bxf5 Rxf5 20.g4 Rf7 21.
Ng5 Rxf1 22.Rxf1 h6 23.Nh3 Rf8 24.Rf4 Rxf4 25.Nxf4 Kf7 26.Nh5 Bb5 27.b3 
Kf8 28.a4 Be8 29.Nf4 Ke7 30.Kd3 Bc6 31.Kc2 Be8 32.Kb2 Kd7 33.Ka3 Bf7 34.
Kb4 Kc6 35.Ne2 Bg6 36.Nf4 Bf7 37.a5 b6 38.g5 hxg5 39.hxg5 Kb7 40.g6 Be8 
41.Nxe6 Bxg6 42.Nxg7 Kc6 43.Ne6 Be8 44.Nd4+ Kd7 45.Nf5 Kc7 46.e6 Bc6 47.
Nd4 Be8 48.Nb5+ Kd8 49.Nxa7 bxa5+ 50.Kxa5 Kc7 51.Nb5+ Kd8 52.b4 1-0

[Event "37th World U20 ch"]
[Site "Kozhikode IND"]
[Date "1998.11.27"]
[Round "10.11"]
[White "Sandipan, Chanda"]
[Black "Soln, Primoz"]
[Result "1/2-1/2"]
[WhiteElo "2305"]
[BlackElo "2470"]
[EventDate "1998.11.17"]
[PlyCount "96"]

1.e4 e6 2.d3 c5 3.Nf3 Nc6 4.g3 d5 5.Nbd2 Bd6 6.Bg2 Nge7 7.O-O O-O 8.c3 b6 
9.Re1 Qc7 10.b3 Ba6 11.Qc2 Rad8 12.Bb2 d4 13.c4 e5 14.Rf1 Bc8 15.Rae1 g6 
16.a3 f5 17.exf5 gxf5 18.Nh4 Ng6 19.Ndf3 Nce7 20.Bc1 Kg7 21.Qd2 f4 22.Qd1 
Rde8 23.Nxg6 Nxg6 24.Ng5 Qd8 25.Ne4 Be7 26.Kh1 Bf5 27.Bf3 Qd7 28.Rg1 Kh8 
29.gxf4 exf4 30.Bg4 Bxg4 31.Rxg4 Ne5 32.Rxf4 Qh3 33.Rg1 Nxd3 34.Rg3 Nxf4 
35.Rxh3 Nxh3 36.Qh5 Bd8 37.Nd6 Re1+ 38.Kg2 Rxc1 39.Kxh3 Rc3+ 40.Kg2 Bf6 
41.Ne4 Rc2 42.Nxf6 Rxf6 43.Qe8+ Kg7 44.Qe7+ Rf7 45.Qg5+ Kf8 46.Qd8+ Kg7 
47.Qg5+ Kf8 48.Qd8+ Kg7 1/2-1/2

[Event "37th World U20 ch"]
[Site "Kozhikode IND"]
[Date "1998.11.27"]
[Round "10.12"]
[White "Kalod, Radek"]
[Black "Karatekin, Tamer"]
[Result "1-0"]
[WhiteElo "2435"]
[BlackElo "2325"]
[EventDate "1998.11.17"]
[PlyCount "55"]

1.Nf3 Nf6 2.c4 c6 3.d4 d5 4.e3 Bf5 5.Nc3 e6 6.Be2 h6 7.O-O Bd6 8.Qb3 Qb6 
9.c5 Qxb3 10.axb3 Bc7 11.b4 Ke7 12.b5 Nbd7 13.b4 Ne4 14.Bb2 a5 15.b6 Nxc3 
16.Bxc3 axb4 17.Bxb4 Rxa1 18.Rxa1 Bb8 19.Nd2 Nf6 20.Nb3 e5 21.Na5 Bc8 22.
Ba6 exd4 23.exd4 Kd7 24.Bxb7 Bxb7 25.Nxb7 Re8 26.g3 Re2 27.Ra8 Rb2 28.Na5 
1-0

[Event "37th World U20 ch"]
[Site "Kozhikode IND"]
[Date "1998.11.27"]
[Round "10.13"]
[White "Aliev, Rasim"]
[Black "Dervishi, Erald"]
[Result "0-1"]
[WhiteElo "2295"]
[BlackElo "2430"]
[EventDate "1998.11.17"]
[PlyCount "76"]

1.e4 e5 2.Nf3 Nc6 3.Bb5 a6 4.Ba4 Nf6 5.d3 b5 6.Bb3 Be7 7.O-O d6 8.c3 O-O 
9.Re1 Na5 10.Bc2 c5 11.Nbd2 Qc7 12.Nf1 Re8 13.Ng3 h6 14.h3 Bb7 15.Nf5 Bf8 
16.Nh2 d5 17.Ng4 Nxg4 18.Qxg4 Kh8 19.Re3 Re6 20.h4 dxe4 21.dxe4 Nc4 22.Rh3
Nd6 23.Bg5 Qc6 24.Re1 Rg6 25.Rg3 f6 26.Nxh6 fxg5 27.Nf5 Nf7 28.Qh5+ Kg8 
29.hxg5 Re8 30.Ree3 Be7 31.Rh3 Bxg5 32.Qh7+ Kf8 33.Reg3 Ree6 34.Rg4 Bf4 
35.Rxg6 Rxg6 36.Nh4 Rh6 37.Qf5 Bc8 38.Ng6+ Ke8 0-1

[Event "37th World U20 ch"]
[Site "Kozhikode IND"]
[Date "1998.11.27"]
[Round "10.14"]
[White "Abbasov, Farid"]
[Black "Al-Rakib, Abdullah"]
[Result "1-0"]
[WhiteElo "2290"]
[BlackElo "2350"]
[EventDate "1998.11.17"]
[PlyCount "113"]

1.e4 c6 2.c4 d5 3.exd5 cxd5 4.cxd5 Nf6 5.Nc3 Nxd5 6.Nf3 e6 7.d4 Be7 8.Bd3 
Nc6 9.O-O O-O 10.Re1 Bf6 11.Be4 Nce7 12.Qd3 g6 13.Bh6 Re8 14.Rad1 Bd7 15.
Ne5 Bc6 16.Qf3 Nf5 17.Nxc6 bxc6 18.Bxf5 exf5 19.Rxe8+ Qxe8 20.Nxd5 cxd5 
21.Qxd5 Rd8 22.Qb3 Bxd4 23.Qc2 Qe7 24.Rf1 Re8 25.Qd2 Qe4 26.b3 f6 27.Bf4 
Rc8 28.Rd1 Bb6 29.Re1 Qd4 30.Qxd4 Bxd4 31.Rc1 Rxc1+ 32.Bxc1 a6 33.Kf1 Kf7 
34.Ke2 Ke6 35.Be3 Be5 36.h3 h5 37.Kd3 Kd5 38.b4 g5 39.Bd2 g4 40.Bc3 Bd6 
41.a3 Be7 42.f3 gxf3 43.gxf3 f4 44.Bd4 f5 45.Kc3 Bh4 46.Ba7 Be1+ 47.Kd3 
Bh4 48.a4 Be7 49.b5 axb5 50.axb5 Bd6 51.Bf2 Be5 52.b6 Bb8 53.Bg1 Be5 54.b7
Bb8 55.Bd4 Kc6 56.Kc4 Kxb7 57.Kd5 1-0

[Event "37th World U20 ch"]
[Site "Kozhikode IND"]
[Date "1998.11.27"]
[Round "10.15"]
[White "Janssen, Ruud"]
[Black "Sutkovic, Damir"]
[Result "1-0"]
[WhiteElo "2345"]
[BlackElo "2205"]
[EventDate "1998.11.17"]
[PlyCount "143"]

1.Nf3 Nf6 2.c4 g6 3.Nc3 Bg7 4.e4 d6 5.d4 O-O 6.Be2 c5 7.O-O cxd4 8.Nxd4 
Nc6 9.Be3 Bd7 10.f3 a6 11.Qd2 Rb8 12.Rfd1 Qa5 13.Rac1 Rfc8 14.Nb3 Qd8 15.
c5 dxc5 16.Nxc5 Be8 17.Qe1 Qa5 18.Nb3 Qc7 19.Nd5 Nxd5 20.exd5 Qe5 21.Qd2 
Rd8 22.Bf4 Rxd5 23.Bxe5 Rxd2 24.Rxd2 Bxe5 25.g3 g5 26.Kg2 Kf8 27.Rcd1 Bd6 
28.a3 Ne5 29.Rc1 h5 30.Nc5 Bc6 31.Nd3 Nxd3 32.Bxd3 g4 33.Be4 Bxe4 34.fxe4 
f6 35.Rd5 Be5 36.Rc2 Kf7 37.b3 Ke6 38.a4 h4 39.b4 h3+ 40.Kf2 Bd6 41.b5 
axb5 42.Rxb5 b6 43.Rc4 Kd7 44.Ke3 Rh8 45.Rb1 Rh5 46.Kd3 Bc5 47.a5 bxa5 48.
Rb5 Kd6 49.Rxa5 Re5 50.Rc1 e6 51.Ra6+ Kd7 52.Rb1 Kc7 53.Rb5 f5 54.exf5 
exf5 55.Rh6 Re3+ 56.Kc4 Bf8 57.Rh7+ Kd6 58.Rxf5 Be7 59.Rh6+ Kd7 60.Rd5+ 
Ke8 61.Kd4 Ra3 62.Ke4 Kf8 63.Rd2 Bg5 64.Rf2+ Kg7 65.Rc6 Ra7 66.Rfc2 Ra5 
67.Rb2 Bf6 68.Rb7+ Kg6 69.Rbb6 Ra4+ 70.Kd5 Ra5+ 71.Kc4 Rf5 72.Rxf6+ 1-0